Guarding your business (Record no. 52006)
[ view plain ]
| 000 -LEADER | |
|---|---|
| fixed length control field | 02151nam a2200445Ia 4500 |
| 245 10 - TITLE STATEMENT | |
| Title | Guarding your business |
| 260 ## - PUBLICATION, DISTRIBUTION, ETC. (IMPRINT) | |
| Place of publication | New York : |
| Name of publisher | Kluwer Academic/Plenum, |
| Year of publication | c2004. |
| 300 ## - PHYSICAL DESCRIPTION | |
| Number of Pages | xiv, 252 p. : |
| Other physical details | ill. |
| 500 ## - GENERAL NOTE | |
| General note | "Proceedings of the Management of Technology (MOT) Symposium held at Stevens Institute of Technology during October 22-24, 2002"--Introd. |
| 650 #0 - SUBJECT ADDED ENTRY--TOPICAL TERM | |
| Topical Term | Business enterprises |
| Topical Term | Electronic commerce |
| Topical Term | Computer networks |
| Topical Term | Computer security |
| Topical Term | Data protection |
| Topical Term | Business enterprises |
| Topical Term | Electronic commerce |
| Topical Term | Computer networks |
| Topical Term | Computer security |
| Topical Term | Data protection |
| 700 1# - ADDED ENTRY--PERSONAL NAME | |
| Personal name | Ghosh, Sumit, |
| Personal name | Malek-Zavarei, Manu. |
| Personal name | Stohr, Edward A., |
| 856 40 - ELECTRONIC LOCATION AND ACCESS | |
| Uniform Resource Identifier | http://site.ebrary.com/lib/rucke/Doc?id=10088548 |
No items available.
